000
00299nam a22001217a 4500
020
_a
81-86732-47-0
041
_a
ENG
245
_a
Milk Processing And Dairk Products Industries
260
_a
Delhi
_b
Engineers India research Institute
_c
750
300
_a
383
650
_a
APE
856
_u
APE ( 03 )
999
_c
1714
_d
1714